Understanding social policy (Record no. 85891)

MARC details
000 -LEADER
fixed length control field 00748nam a2200253Ia 4500
008 - FIXED-LENGTH DATA ELEMENTS--GENERAL INFORMATION
fixed length control field 191130s2009##################000#0#eng##
020 ## - INTERNATIONAL STANDARD BOOK NUMBER
ISBN 9781405181761
082 ## - DEWEY DECIMAL CLASSIFICATION NUMBER
Classification number 361.610941 HIL
100 ## - MAIN ENTRY--AUTHOR NAME
Personal name Hill, Michael J
245 ## - TITLE STATEMENT
Title Understanding social policy
Statement of responsibility, etc Michael Hill and Zoë Irving
250 ## - EDITION STATEMENT
Edition statement 8th ed
260 ## - PUBLICATION, DISTRIBUTION, ETC. (IMPRINT)
Place of publication Hoboken, NJ
Name of publisher Wiley-Blackwell
Year of publication 2009
300 ## - PHYSICAL DESCRIPTION
Number of Pages xii, 293 p. ; 25 cm
500 ## - GENERAL NOTE
General note Includes bibliographical references (p. [277]-288) and index
650 ## - SUBJECT ADDED ENTRY--TOPICAL TERM
Topical Term Great Britain - Social policy
Topical Term Welfare economics
Topical Term Welfare state
700 ## - ADDED ENTRY--PERSONAL NAME
Personal name Irving, Zoë
991 ## -
-- 345023
Holdings
Withdrawn status Lost status Damaged status Not for loan Home library Current library Shelving location Date acquired Full call number Accession Number Price effective from Koha item type
        Anna Centenary Library Anna Centenary Library 4TH FLOOR, A WING 09.10.2020 361.610941 HIL 130438 09.10.2020 English Books

Find us on the map